MARC

LEADER 00000nam0a2200000 4500
001 270382
005 20231101234336.0
035 |a (RuTPU)RU\TPU\book\293563 
090 |a 270382 
100 |a 20140926d1963 k y0rusy50 ca 
101 1 |a rus  |c eng 
102 |a RU 
105 |a a z 001zy 
200 1 |a Действие радиации на живые клетки  |e пер. с англ.  |f Д. Е. Ли 
210 |a Москва  |c Госатомиздат  |d 1963 
215 |a 288 с.  |c ил. 
320 |a Библиогр.: с. 274-286. 
606 1 |a Ионизирующие излучения, радиоактивные  |2 stltpush  |3 (RuTPU)RU\TPU\subj\13072  |9 39749 
610 1 |a дозиметрия 
610 1 |a физические свойства 
610 1 |a химическое действие 
610 1 |a биологическое действие 
610 1 |a теория мишени 
610 1 |a вирусы 
610 1 |a инактивация 
610 1 |a облучение 
610 1 |a генетический эффект 
610 1 |a мутации 
610 1 |a хромосомы 
610 1 |a изменение 
610 1 |a деление 
610 1 |a задержка 
610 1 |a летальные эффекты 
675 |a 539.16  |v 3 
700 1 |a Ли  |b Д. Е. 
801 1 |a RU  |b 63413507  |c 20140926 
801 2 |a RU  |b 63413507  |c 20160913  |g RCR 
942 |c BK